|
|
|
|
| LEADER |
01145nam a2200325 4500 |
| 001 |
DLU040025836 |
| 005 |
##20000801151117.0 |
| 008 |
##991213s2000 caua b 001 0 eng |
| 010 |
# |
# |
|a 99087360
|
| 020 |
# |
# |
|a 0262590212 (pbk. : alk. paper)
|
| 040 |
# |
# |
|a DLC
|c DLC
|d DLC
|
| 042 |
# |
# |
|a pcc
|
| 050 |
# |
# |
|a QA76.9.N38
|b N3843 2000
|
| 082 |
# |
# |
|a 006.35
|n at
|
| 245 |
# |
# |
|a Natural language processing and knowledge representation :
|b language for knowledge and knowledge for language /
|c edited by ucja M. Iwanska and Stuart C. Shapiro.
|
| 260 |
# |
# |
|a Menlo Park, Calif. :
|b AAAI Press ;
|a Cambridge, Mass. :
|b MIT Press,
|c c2000.
|
| 300 |
# |
# |
|a xviii, 459 p. :
|b ill. ;
|c 23 cm.
|
| 504 |
# |
# |
|a Includes bibliographical references (p. [415]-439]) and index.
|
| 650 |
# |
# |
|a Knowledge representation (Information theory)
|
| 650 |
# |
# |
|a Natural language processing (Computer science)
|
| 700 |
# |
# |
|a Iwanska, ucja M.,
|d 1958-
|
| 700 |
# |
# |
|a Shapiro, Stuart Charles.
|
| 994 |
# |
# |
|a DLU
|
| 900 |
# |
# |
|a True
|
| 911 |
# |
# |
|a Lê Thị Mạnh Xuân
|
| 925 |
# |
# |
|a G
|
| 926 |
# |
# |
|a A
|
| 927 |
# |
# |
|a SH
|
| 980 |
# |
# |
|a Thư viện Trường Đại học Đà Lạt
|